Catálogo
 En Linea

Revista ciencias salud. (Registro nro. 36507)

Detalles MARC
000 -CABECERA
campo de control de longitud fija 00563nas a2200193 4500
001 - NÚMERO DE CONTROL
campo de control 000037017
003 - IDENTIFICADOR DEL NÚMERO DE CONTROL
campo de control DLC
005 - FECHA Y HORA DE LA ÚLTIMA TRANSACCIÓN
campo de control 20240830121223.0
008 - DATOS DE LONGITUD FIJA--INFORMACIÓN GENERAL
campo de control de longitud fija 120208c20069999dr tr1p dd 0 0spa d
040 ## - FUENTE DE LA CATALOGACIÓN
Centro catalogador/agencia de origen DO-SdBNP
Lengua de catalogación spa
Centro/agencia transcriptor BNPHU
043 ## - CÓDIGO DE ÁREA GEOGRÁFICA
Código de área geográfica nwdr
245 00 - MENCIÓN DE TÍTULO
Título Revista ciencias salud.
260 ## - PUBLICACIÓN, DISTRIBUCIÓN, ETC.
Lugar de publicación, distribución, etc. Santo Domingo :
Nombre del editor, distribuidor, etc. Facultad de Ciencias de la Salud (UASD).
300 ## - DESCRIPCIÓN FÍSICA
Extensión v. :
Otras características físicas il., retrs.
310 ## - PERIODICIDAD ACTUAL
Periodicidad actual Cuatrimestral
362 ## - FECHAS DE PUBLICACIÓN Y/O DESIGNACIÓN SECUENCIAL
Fecha de publicación y/o designación secuencial V. 3. No. 1 (enero - abril 2006)
500 ## - NOTA GENERAL
Nota general Catalogación basada en el V. 3. No. 1 (enero - abril 2006)
942 ## - ELEMENTOS DE PUNTO DE ACCESO ADICIONAL (KOHA)
Fuente del sistema de clasificación o colocación Dewey Decimal Classification
Tipo de ítem Koha Publicación periódica

No hay ítems disponibles.

Con tecnología Koha